00667nam a2200205 a 450000100060000000300090000600800410001502000150005604000280007108200190009910000340011824500350015226000410018730000090022850000550023759000990029265000410039194200120043299900170044420397CO-ViMGA141112s2004 ck r 000 u spa d a9583374954 aCO-ViMGAbspacCO-ViMGA aFrCo 863 H375e1 aHernandez Enciso, Mario9326010aEn la escuela : bNovela breve aVillavicencio, cEntreletras, c2005 a112p aEn : En la escuela : Novela breve; Fr Co 863 H375e aForma de adquisición : Donación - - Precio : 12000 - - Fecha de adquisición : Marzo 200614aNOVELA COLOMBIANA DEL SIGLO XX93261 2ddccBK c11593d11593